| 000 | 01188cam a22003253a 4500 | ||
|---|---|---|---|
| 001 | 16412692 | ||
| 003 | OSt | ||
| 005 | 20140310182233.0 | ||
| 008 | 960128s1996 nyu j 000 1 eng d | ||
| 010 | _a 97809068 | ||
| 020 |
_a0671505076 (pbk.) : _c$3.99 |
||
| 035 | _a(OCoLC)ocm34094514 | ||
| 040 |
_aIHI _cIHI _dSLC _dOCL _dDLC |
||
| 050 |
_aPZ 7 _b.K26n129 1996 |
||
| 082 |
_aFIC _bK25nm #129 |
||
| 100 | 1 |
_aKeene, Carolyn. _94653 |
|
| 245 | 1 | 4 |
_aThe baby-sitter burglaries / _cCarolyn Keene. |
| 260 |
_aNew York : _bPocket Books, _c1996. |
||
| 300 |
_a149 p. ; _c19 cm. |
||
| 440 |
_aNancy Drew mystery stories _n#129 _918398 |
||
| 500 | _a"A Minstrel book." | ||
| 520 | _aNancy tries to prove that a babysitter is being framed when three houses in River Heights are robbed and the only connection the police can find is that the babysitter was employed at each. | ||
| 650 | 0 |
_aBabysitters _vFiction. _918399 |
|
| 650 | 0 |
_aBurglary _vFiction. _918400 |
|
| 655 | 7 |
_aYoung adult fiction. _2lcsh _93735 |
|
| 710 | 2 |
_aCopyright Paperback Collection (Library of Congress) _5DLC _9705 |
|
| 906 |
_a7 _bcbc _ccopycat _d2 _encip _f19 _gy-genrareb |
||
| 942 |
_2lcc _cBK-FIC |
||
| 999 |
_c10958 _d10958 |
||